000 00980cam a2200193 4500
001 WB3908-09
008 030225n2003 000 0 eng u
035 _a(Sirsi) u121418
245 _aCIH report on community sustainability
260 _c2003
490 _aCIH Press Release
_v19 February 2003, (1)
520 _aThe Chartered Institute of Housing has published "Boom or abandonment: resolving housing conflicts in cities" which argues that continued development in the southeast of the UK will eventually hinder prosperity unless it is expanded to the north and Midlands. Also focuses on the reduction of the development of greenfield land. Copies of the report are available from The Institute of Housing on +44 (0)2476 851752 http://www.cih.org/frames.php?page=/section5/introf.php?
590 _aWB
650 _aSustainability
_96271
650 _aGREENFIELD DEVELOPMENT
650 _aHOUSING DEVELOPMENTS
690 _aPROPERTY-PROPERTY DEVELOPMENT
942 _n0
999 _c72148
_d72148